[Event "2nd Asian Nations Team Cup U14 2019"]
[Site "Shenzhen"]
[Date "2019.12.24"]
[Round "7.3"]
[White "Meng, Yihan"]
[Black "Li, Yucheng Robinson"]
[Result "1-0"]
[WhiteElo "1787"]
[BlackElo "1185"]
[Annotator "NA RC"]
[PlyCount "123"]
[EventDate "2019.12.19"]
[EventType "team-tourn"]
[EventCountry "CHN"]
[SourceTitle "playchess.com"]
[Source "ChessBase"]
[SourceQuality "1"]
[WhiteTeam "China"]
[BlackTeam "Hong Kong"]
[WhiteTeamCountry "CHN"]
[BlackTeamCountry "HKG"]
[TimeControl "5400+30"]

1. e4 {[%emt 0:06:26]} c5 {[%emt 0:00:00]} 2. Nf3 Nc6 {[%emt 0:00:44]} 3. c3 {[%emt 0:00:00]} d6 {[%emt 0:00:23]} 4. d4 {[%emt 0:00:00]} cxd4 {[%emt 0:00:19]} 5. cxd4 {[%emt 0:00:00]} Bg4 {[%emt 0:00:05]} 6. d5 {[%emt 0:00:00]} Nb8 {[%emt 0:00:33]} 7. h3 {[%emt 0:00:00]} Bxf3 {[%emt 0:00:09]} 8. Qxf3 {[%emt 0:00:00]} Nd7 {[%emt 0:00:07]} 9. Nc3 {[%emt 0:00:00]} Ngf6 {[%emt 0:00:10]} 10. Bd3 {[%emt 0:00:00]} g6 {[%emt 0:00:20]} 11. O-O {[%emt 0:00:00]} Bg7 {[%emt 0:00:11]} 12. Qe2 {[%emt 0:00:00]} O-O {[%emt 0:00:24]} 13. f4 {[%emt 0:00:00]} Nc5 {[%emt 0:00:23]} 14. Bc2 {[%emt 0:00:00]} Nfd7 {[%emt 0:01:34]} 15. h4 {[%emt 0:00:40]} Nb6 {[%emt 0:00:00]} 16. h5 {[%emt 0:00:50]} e6 {[%emt 0:00:04]} 17. hxg6 {[%emt 0:00:45]} hxg6 {[%emt 0:00:26]} 18. Rd1 {[%emt 0:12:14]} exd5 {[%emt 0:00:41]} 19. Nxd5 {[%emt 0:03:37]} Nxd5 {[%emt 0:01:52]} 20. Rxd5 {[%emt 0:00:01]} Qb6 {[%emt 0:00:59]} 21. Be3 {[%emt 0:00:07]} Qxb2 {[%emt 0:01:29]} 22. Rb1 {[%emt 0:00:08]} Qxa2 23. Rxd6 {[%emt 0:03:14]} Nxe4 {[%emt 0:04:29]} 24. Rxg6 {[%emt 0:00:25]} Qxb1+ {[%emt 0:02:28]} 25. Bxb1 {[%emt 0:00:09]} fxg6 {[%emt 0:00:08]} 26. Bxe4 {[%emt 0:01:44]} Rf6 {[%emt 0:02:06]} 27. Bxb7 {[%emt 0:00:54]} Rb8 {[%emt 0:01:11]} 28. Qa2+ {[%emt 0:02:49]} Kh8 {[%emt 0:00:18]} 29. Qxa7 {[%emt 0:00:09]} Re8 {[%emt 0:00:25]} 30. Bd4 {[%emt 0:00:46]} Rf7 {[%emt 0:00:29]} 31. Bxg7+ {[%emt 0:00:14]} Rxg7 {[%emt 0:00:23]} 32. Qd4 {[%emt 0:00:18]} Kh7 {[%emt 0:00:06]} 33. Bf3 {[%emt 0:00:25]} Rge7 {[%emt 0:00:23]} 34. Qf6 {[%emt 0:00:30]} Re1+ {[%emt 0:02:17]} 35. Kf2 {[%emt 0:00:38]} R1e7 {[%emt 0:00:45]} 36. Kg3 {[%emt 0:00:34]} Ra7 {[%emt 0:01:19]} 37. f5 {[%emt 0:02:10]} gxf5 {[%emt 0:01:44]} 38. Qxf5+ {[%emt 0:01:00]} Kg7 {[%emt 0:01:41]} 39. Qg5+ {[%emt 0:00:00]} Kf8 {[%emt 0:00:56]} 40. Qc5+ {[%emt 0:00:03]} Ree7 {[%emt 0:00:11]} 41. Kh4 {[%emt 0:01:09]} Ra4+ {[%emt 0:00:27]} 42. Kg5 {[%emt 0:00:11]} Raa7 {[%emt 0:00:23]} 43. Kf6 {[%emt 0:00:20]} Ra6+ {[%emt 0:00:07]} 44. Bc6 {[%emt 0:00:07]} Raa7 {[%emt 0:00:05]} 45. Qd6 {[%emt 0:00:26]} Kg8 {[%emt 0:00:09]} 46. Qd8+ {[%emt 0:00:13]} Kh7 {[%emt 0:00:07]} 47. Qxe7+ {[%emt 0:00:08]} Rxe7 {[%emt 0:00:07]} 48. Kxe7 {[%emt 0:00:02]} Kg6 {[%emt 0:00:28]} 49. Ke6 {[%emt 0:00:58]} Kg5 {[%emt 0:00:29]} 50. Bf3 {[%emt 0:00:14]} Kf4 {[%emt 0:00:08]} 51. Kf6 {[%emt 0:00:02]} Kg3 {[%emt 0:00:15]} 52. Kf5 {[%emt 0:00:03]} Kh4 {[%emt 0:00:07]} 53. g4 {[%emt 0:00:04]} Kg3 {[%emt 0:00:18]} 54. g5 {[%emt 0:00:41]} Kxf3 {[%emt 0:02:26]} 55. g6 {[%emt 0:00:12]} Ke3 {[%emt 0:00:21]} 56. g7 {[%emt 0:00:02]} Kf3 {[%emt 0:00:17]} 57. g8=Q {[%emt 0:00:36]} Ke3 {[%emt 0:00:30]} 58. Qc4 {[%emt 0:00:30]} Kf3 {[%emt 0:00:04]} 59. Qd3+ {[%emt 0:00:03]} Kf2 {[%emt 0:00:12]} 60. Kg4 {[%emt 0:00:03]} Kg1 {[%emt 0:00:09]} 61. Kg3 {[%emt 0:00:03]} Kh1 {[%emt 0:00:16]} 62. Qf1# {[%emt 0:00:03]} 1-0

[Event "2nd Asian Nations Team Cup U14 2019"]
[Site "Shenzhen"]
[Date "2019.12.24"]
[Round "7.4"]
[White "Huang, Yuen Tung"]
[Black "Zhao, Yunqing"]
[Result "1/2-1/2"]
[WhiteElo "1293"]
[BlackElo "1542"]
[Annotator "NA RC"]
[PlyCount "105"]
[EventDate "2019.12.19"]
[EventType "team-tourn"]
[EventCountry "CHN"]
[SourceTitle "playchess.com"]
[Source "ChessBase"]
[SourceQuality "1"]
[WhiteTeam "Hong Kong"]
[BlackTeam "China"]
[WhiteTeamCountry "HKG"]
[BlackTeamCountry "CHN"]
[TimeControl "5400+30"]

1. e4 {[%emt 0:00:00]} c5 {[%emt 0:00:00]} 2. Nf3 {[%emt 0:00:00]} d6 {[%emt 0:00:00]} 3. Bb5+ {[%emt 0:00:00]} Bd7 {[%emt 0:00:00]} 4. Bxd7+ Qxd7 {[%emt 0:00:00]} 5. Nc3 {[%emt 0:00:04]} Nf6 {[%emt 0:00:00]} 6. O-O {[%emt 0:00:08]} g6 7. d3 {[%emt 0:00:18]} Bg7 {[%emt 0:00:01]} 8. h3 {[%emt 0:00:46]} O-O {[%emt 0:00:18]} 9. Bg5 {[%emt 0:00:04]} Nc6 {[%emt 0:00:25]} 10. Qd2 {[%emt 0:00:10]} Rab8 {[%emt 0:00:23]} 11. Rad1 {[%emt 0:00:45]} b5 {[%emt 0:00:26]} 12. a3 {[%emt 0:00:19]} a5 {[%emt 0:00:18]} 13. Ne2 {[%emt 0:03:05]} b4 {[%emt 0:01:16]} 14. a4 {[%emt 0:08:47]} Rfc8 {[%emt 0:01:12]} 15. b3 {[%emt 0:01:53]} Rb7 {[%emt 0:06:17]} 16. Ng3 {[%emt 0:01:27]} Nd4 {[%emt 0:01:13]} 17. Nh2 {[%emt 0:01:33]} Qc6 {[%emt 0:12:50]} 18. Ne2 {[%emt 0:18:17]} Qb6 {[%emt 0:06:04]} 19. Rfe1 {[%emt 0:00:46]} h5 {[%emt 0:00:00]} 20. Nf1 {[%emt 0:10:35]} Nh7 {[%emt 0:07:45]} 21. Be3 {[%emt 0:08:26]} Nf8 {[%emt 0:04:39]} 22. Nf4 {[%emt 0:01:35]} e6 {[%emt 0:00:00]} 23. Rc1 {[%emt 0:05:50]} Nd7 {[%emt 0:00:55]} 24. f3 {[%emt 0:01:11]} Ne5 {[%emt 0:01:04]} 25. Qf2 {[%emt 0:01:57]} Kh7 {[%emt 0:00:00]} 26. Nd2 {[%emt 0:06:29]} Qd8 {[%emt 0:00:00]} 27. Ne2 {[%emt 0:00:36]} Nec6 {[%emt 0:00:00]} 28. Kh1 {[%emt 0:02:02]} Nxe2 {[%emt 0:00:00]} 29. Rxe2 {[%emt 0:00:16]} Nd4 {[%emt 0:00:00]} 30. Ree1 {[%emt 0:00:37]} d5 {[%emt 0:00:11]} 31. f4 {[%emt 0:02:35]} Rbc7 {[%emt 0:02:36]} 32. Nf3 {[%emt 0:04:03]} Nxf3 {[%emt 0:00:58]} 33. Qxf3 {[%emt 0:01:03]} d4 {[%emt 0:01:26]} 34. Bf2 {[%emt 0:00:23]} Qd7 {[%emt 0:00:53]} 35. Rf1 {[%emt 0:02:08]} Re8 {[%emt 0:02:22]} 36. Bg3 {[%emt 0:01:42]} f5 {[%emt 0:00:46]} 37. e5 {[%emt 0:00:41]} Qc6 {[%emt 0:01:30]} 38. Qxc6 {[%emt 0:01:43]} Rxc6 {[%emt 0:00:04]} 39. h4 {[%emt 0:00:09]} Kg8 {[%emt 0:00:20]} 40. Kg1 {[%emt 0:00:26]} Bh6 {[%emt 0:00:15]} 41. Rf3 {[%emt 0:00:37]} Rd8 {[%emt 0:00:08]} 42. Kf2 {[%emt 0:00:13]} Rd5 {[%emt 0:00:16]} 43. Rd1 {[%emt 0:00:47]} Rc8 {[%emt 0:00:18]} 44. Kf1 {[%emt 0:00:35]} Kf7 {[%emt 0:00:13]} 45. Ke2 {[%emt 0:00:18]} Rcd8 {[%emt 0:00:14]} 46. Ke1 {[%emt 0:00:21]} R8d7 {[%emt 0:00:28]} 47. Ke2 {[%emt 0:00:10]} Rc7 {[%emt 0:00:05]} 48. Ke1 {[%emt 0:00:39]} Rc8 {[%emt 0:00:36]} 49. Ke2 {[%emt 0:00:05]} Bf8 {[%emt 0:00:19]} 50. Ke1 {[%emt 0:00:20]} Be7 {[%emt 0:00:04]} 51. Ke2 {[%emt 0:00:15]} Rdd8 {[%emt 0:00:37]} 52. Ke1 {[%emt 0:00:26]} Rc6 {[%emt 0:00:12]} 53. Kf1 {[%emt 0:00:15]} 1/2-1/2

[Event "2nd Asian Nations Team Cup U14 2019"]
[Site "Shenzhen"]
[Date "2019.12.24"]
[Round "7.5"]
[White "Yeoh, Yuan Hui"]
[Black "Wang, Benchi"]
[Result "0-1"]
[WhiteElo "1738"]
[BlackElo "1747"]
[Annotator "NA RC"]
[PlyCount "100"]
[EventDate "2019.12.19"]
[EventType "team-tourn"]
[EventCountry "CHN"]
[SourceTitle "playchess.com"]
[Source "ChessBase"]
[SourceQuality "1"]
[WhiteTeam "Malaysia"]
[BlackTeam "China"]
[WhiteTeamCountry "MAS"]
[BlackTeamCountry "CHN"]
[TimeControl "5400+30"]

1. d4 {[%emt 0:00:00]} Nf6 {[%emt 0:00:00]} 2. c4 {[%emt 0:00:00]} g6 {[%emt 0:00:45]} 3. Nc3 {[%emt 0:00:00]} Bg7 {[%emt 0:00:10]} 4. e4 {[%emt 0:00:00]} d6 {[%emt 0:00:03]} 5. f3 {[%emt 0:00:00]} O-O {[%emt 0:00:04]} 6. Be3 {[%emt 0:00:00]} Nc6 {[%emt 0:00:10]} 7. Nge2 {[%emt 0:00:18]} a6 {[%emt 0:00:32]} 8. Qd2 {[%emt 0:02:37]} Na5 {[%emt 0:00:17]} 9. Nc1 {[%emt 0:01:17]} Nd7 {[%emt 0:03:31]} 10. b4 {[%emt 0:07:36]} Nc6 {[%emt 0:00:10]} 11. a3 {[%emt 0:00:14]} e5 {[%emt 0:00:29]} 12. Nb3 {[%emt 0:06:47]} exd4 13. Nxd4 {[%emt 0:00:07]} a5 {[%emt 0:12:08]} 14. Rb1 {[%emt 0:15:57]} axb4 {[%emt 0:01:59]} 15. axb4 {[%emt 0:00:17]} Nxd4 {[%emt 0:02:54]} 16. Bxd4 {[%emt 0:00:11]} Ne5 {[%emt 0:00:03]} 17. Be2 {[%emt 0:05:32]} Be6 {[%emt 0:01:35]} 18. Nd5 {[%emt 0:02:34]} c6 {[%emt 0:08:38]} 19. Nb6 {[%emt 0:04:33]} Ra6 {[%emt 0:02:32]} 20. Qe3 {[%emt 0:12:54]} Nxf3+ {[%emt 0:02:51]} 21. gxf3 {[%emt 0:17:42]} Bxd4 {[%emt 0:00:07]} 22. Qxd4 {[%emt 0:00:05]} Qxb6 {[%emt 0:00:55]} 23. Qxd6 {[%emt 0:04:39]} Rd8 {[%emt 0:13:17]} 24. Qf4 {[%emt 0:00:40]} Qd4 {[%emt 0:01:53]} 25. Qc1 {[%emt 0:06:36]} Ra2 {[%emt 0:04:13]} 26. Rf1 {[%emt 0:06:50]} Rxe2+ {[%emt 0:06:13]} 27. Kxe2 {[%emt 0:00:09]} Bxc4+ {[%emt 0:00:02]} 28. Ke1 {[%emt 0:00:18]} Bxf1 {[%emt 0:00:05]} 29. Kxf1 {[%emt 0:00:33]} Ra8 {[%emt 0:00:41]} 30. Qc2 {[%emt 0:04:21]} Qe3 {[%emt 0:01:31]} 31. Kg2 {[%emt 0:00:26]} Ra3 {[%emt 0:01:42]} 32. Rf1 {[%emt 0:01:52]} Rd3 {[%emt 0:01:30]} 33. Rf2 {[%emt 0:00:29]} Rc3 {[%emt 0:01:28]} 34. Qa2 {[%emt 0:00:36]} Qg5+ {[%emt 0:00:22]} 35. Kf1 {[%emt 0:00:47]} Rc1+ {[%emt 0:00:15]} 36. Ke2 {[%emt 0:00:05]} Qb5+ {[%emt 0:02:57]} 37. Kd2 {[%emt 0:00:01]} Rc4 {[%emt 0:00:38]} 38. Qa8+ {[%emt 0:00:50]} Kg7 {[%emt 0:00:10]} 39. Qe8 {[%emt 0:00:46]} Qxb4+ {[%emt 0:00:11]} 40. Ke3 {[%emt 0:00:42]} Qc5+ {[%emt 0:00:59]} 41. Kf4 {[%emt 0:00:08]} Qxf2 {[%emt 0:01:17]} 42. Qe5+ {[%emt 0:00:02]} f6 {[%emt 0:00:24]} 43. Qe7+ {[%emt 0:00:13]} Kh6 {[%emt 0:00:12]} 44. Qf8+ {[%emt 0:00:08]} Kh5 {[%emt 0:00:04]} 45. Qxf6 {[%emt 0:00:14]} Qd2+ {[%emt 0:02:00]} 46. Kg3 {[%emt 0:00:15]} Qg5+ {[%emt 0:00:05]} 47. Qxg5+ {[%emt 0:00:12]} Kxg5 {[%emt 0:00:03]} 48. f4+ {[%emt 0:00:06]} Kf6 {[%emt 0:00:03]} 49. e5+ {[%emt 0:00:05]} Kf5 {[%emt 0:00:03]} 50. e6 {[%emt 0:00:07]} Kxe6 {[%emt 0:00:14]} 0-1

[Event "2nd Asian Nations Team Cup U14 2019"]
[Site "Shenzhen"]
[Date "2019.12.24"]
[Round "7.6"]
[White "Zhang, Yuanxiao"]
[Black "Foo, Jiu Yarng Clarance"]
[Result "1-0"]
[WhiteElo "1545"]
[BlackElo "1654"]
[Annotator "NA RC"]
[PlyCount "85"]
[EventDate "2019.12.19"]
[EventType "team-tourn"]
[EventCountry "CHN"]
[SourceTitle "playchess.com"]
[Source "ChessBase"]
[SourceQuality "1"]
[WhiteTeam "China"]
[BlackTeam "Malaysia"]
[WhiteTeamCountry "CHN"]
[BlackTeamCountry "MAS"]
[TimeControl "5400+30"]

1. e4 {[%emt 0:00:00]} c5 {[%emt 0:00:00]} 2. c3 {[%emt 0:00:00]} d5 {[%emt 0:00:00]} 3. exd5 Qxd5 {[%emt 0:00:00]} 4. d4 {[%emt 0:00:00]} Nc6 {[%emt 0:00:13]} 5. Nf3 {[%emt 0:00:09]} Bf5 {[%emt 0:00:07]} 6. Be2 {[%emt 0:01:17]} cxd4 {[%emt 0:00:36]} 7. cxd4 {[%emt 0:00:13]} Bxb1 {[%emt 0:00:37]} 8. Rxb1 {[%emt 0:01:25]} e6 {[%emt 0:00:07]} 9. a3 {[%emt 0:00:53]} Nf6 {[%emt 0:00:11]} 10. O-O {[%emt 0:02:16]} Bd6 {[%emt 0:01:13]} 11. Be3 {[%emt 0:01:47]} O-O {[%emt 0:00:57]} 12. Qd3 {[%emt 0:04:53]} Ne7 {[%emt 0:03:40]} 13. Bg5 {[%emt 0:03:37]} Nd7 {[%emt 0:04:18]} 14. b4 {[%emt 0:05:35]} Nf5 {[%emt 0:03:45]} 15. Bd1 {[%emt 0:01:36]} Ne5 {[%emt 0:06:51]} 16. Nxe5 {[%emt 0:01:52]} Bxe5 {[%emt 0:04:54]} 17. Bf3 {[%emt 0:00:51]} Qxd4 {[%emt 0:00:52]} 18. Qxd4 {[%emt 0:00:16]} Nxd4 {[%emt 0:00:33]} 19. Bxb7 {[%emt 0:00:28]} Rab8 {[%emt 0:00:05]} 20. Ba6 {[%emt 0:01:24]} h6 {[%emt 0:07:15]} 21. Be7 {[%emt 0:02:56]} Rfe8 {[%emt 0:00:10]} 22. Bc5 {[%emt 0:00:09]} Nb5 {[%emt 0:06:11]} 23. Bxb5 {[%emt 0:02:08]} Rxb5 {[%emt 0:00:53]} 24. a4 {[%emt 0:00:13]} Rb7 {[%emt 0:00:21]} 25. b5 {[%emt 0:00:45]} Rc8 {[%emt 0:02:08]} 26. Rfc1 {[%emt 0:02:52]} Rcb8 {[%emt 0:11:29]} 27. g3 {[%emt 0:01:55]} Bc7 {[%emt 0:13:32]} 28. Rb3 {[%emt 0:04:22]} Bb6 {[%emt 0:06:20]} 29. Bb4 {[%emt 0:01:36]} Bd4 {[%emt 0:04:26]} 30. Rd3 {[%emt 0:02:39]} e5 {[%emt 0:04:03]} 31. Rc6 {[%emt 0:03:03]} Rd8 {[%emt 0:09:53]} 32. Kf1 {[%emt 0:00:45]} Ra8 {[%emt 0:07:36]} 33. Ba5 {[%emt 0:03:14]} a6 {[%emt 0:02:39]} 34. b6 {[%emt 0:00:26]} Rab8 {[%emt 0:00:17]} 35. Rb3 {[%emt 0:00:17]} f6 {[%emt 0:00:41]} 36. Ke2 {[%emt 0:03:28]} Rd7 {[%emt 0:00:31]} 37. Rc7 {[%emt 0:00:57]} Rd5 {[%emt 0:00:32]} 38. b7 {[%emt 0:00:20]} Ba7 {[%emt 0:00:30]} 39. Bb6 {[%emt 0:00:30]} Bxb6 {[%emt 0:00:27]} 40. Rxb6 {[%emt 0:00:20]} a5 {[%emt 0:00:35]} 41. Rc8+ {[%emt 0:00:14]} Rd8 {[%emt 0:00:29]} 42. Rxd8+ {[%emt 0:00:06]} Rxd8 {[%emt 0:00:03]} 43. b8=Q {[%emt 0:00:14]} 1-0

[Event "2nd Asian Nations Team Cup U14 2019"]
[Site "Shenzhen"]
[Date "2019.12.24"]
[Round "7.9"]
[White "Erkhes, Bayartnar"]
[Black "Han, Xuqian Ben"]
[Result "1-0"]
[WhiteElo "1937"]
[BlackElo "1714"]
[Annotator "NA RC"]
[PlyCount "126"]
[EventDate "2019.12.19"]
[EventType "team-tourn"]
[EventCountry "CHN"]
[SourceTitle "playchess.com"]
[Source "ChessBase"]
[SourceQuality "1"]
[WhiteTeam "Mongolia"]
[BlackTeam "Hong Kong"]
[WhiteTeamCountry "MGL"]
[BlackTeamCountry "HKG"]
[TimeControl "5400+30"]

{[%evp 18,126,25,28,33,22,35,25,31,8,15,4,7,7,7,-26,0,-3,0,-10,0,0,0,0,-2,-8,0,0,0,0,0,0,0,0,0,0,4,0,0,0,12,0,0,-3,0,0,0,-6,7,14,9,5,15,8,71,47,32767,32767,32767,32767,60,63,65,60,54,65,66,41,51,41,202,89,379,430,333,424,12844,579,466,32767,32767,32767,32767,1100,12850,4622,1439,6411,2338,5525,32767,32767,32767,29976,5595,29983,29967,29985,32767,29986,29985,29986,29989,29990,32767,29991,29991,29992,29992,29993,29994]} 1. e4 {[%emt 0:00:00]} c5 {[%emt 0:00:00]} 2. Nf3 {[%emt 0:00:00]} d6 {[%emt 0:00:02]} 3. Bb5+ {[%emt 0:00:00]} Bd7 {[%emt 0:00:22]} 4. Bxd7+ {[%emt 0:00:00]} Qxd7 {[%emt 0:00:11]} 5. c4 {[%emt 0:00:00]} Nf6 {[%emt 0:00:11]} 6. Nc3 {[%emt 0:00:08]} g6 {[%emt 0:00:10]} 7. d4 {[%emt 0:00:12]} cxd4 {[%emt 0:00:37]} 8. Nxd4 {[%emt 0:00:08]} Bg7 {[%emt 0:00:35]} 9. f3 {[%emt 0:00:36]} O-O {[%emt 0:01:09]} 10. Be3 {[%emt 0:00:12]} Nc6 {[%emt 0:00:48]} 11. O-O {[%emt 0:00:32]} e6 {[%emt 0:01:02]} 12. Qd2 {[%emt 0:12:00] B52: Sicilian: Moscow Variation with 3...Bd7} (12. Rc1 Rfd8 13. Nxc6 bxc6 14. Rf2 d5 15. Rd2 Qe8 16. e5 Nd7 17. f4 Nb6 18. b3 dxc4 19. Ne4 Nd5 {0-1 (33) Giri,A (2798)-Anand,V (2784) Zuerich 2016}) 12... Rfd8 {[%emt 0:06:05]} 13. Rfd1 {[%emt 0:07:19]} d5 {[%emt 0:11:32]} 14. cxd5 {[%emt 0:09:44]} exd5 {[%emt 0:01:21]} 15. Nxc6 {[%emt 0:05:23]} bxc6 {[%emt 0:00:21] [#]} 16. Qf2 $146 {[%emt 0:10:14]} ({Predecessor:} 16. e5 Ne8 17. f4 f6 18. exf6 Nxf6 19. Rac1 Rab8 {1-0 (57) Pichot,A (2548)-Hua,L (2333) chess.com INT 2017}) 16... Qc7 {[%emt 0:07:06]} 17. exd5 {[%emt 0:04:38]} Nxd5 {[%emt 0:02:03]} 18. Nxd5 {[%emt 0:01:59]} Rxd5 {[%emt 0:08:50]} 19. Rac1 {[%emt 0:05:07]} Rad8 {[%emt 0:03:31]} 20. Rxd5 {[%emt 0:00:14]} Rxd5 {[%emt 0:00:07]} 21. b3 {[%emt 0:04:21]} a6 {[%emt 0:03:01]} 22. Qc2 {[%emt 0:10:20]} Bd4 {[%emt 0:12:11]} 23. Bxd4 {[%emt 0:02:33]} Rxd4 {[%emt 0:00:18]} 24. Qe2 {[%emt 0:00:24]} Qb6 {[%emt 0:04:14]} 25. Kh1 {[%emt 0:04:46]} Rd8 {[%emt 0:02:47]} 26. h3 {[%emt 0:00:28]} a5 {[%emt 0:09:46]} 27. Qe4 {[%emt 0:05:02]} Qc7 {[%emt 0:03:09]} 28. f4 {[%emt 0:03:44]} c5 {[%emt 0:01:27]} 29. a3 {[%emt 0:03:57]} Qd6 {[%emt 0:06:55]} 30. Qc4 {[%emt 0:02:33]} Qd4 {[%emt 0:02:00]} 31. Qxc5 {[%emt 0:01:09]} Qxf4 {[%emt 0:00:20]} 32. Rg1 {[%emt 0:00:44]} Qf5 {[%emt 0:01:23]} 33. Qxf5 {[%emt 0:02:22]} gxf5 {[%emt 0:00:07]} 34. Rf1 {[%emt 0:02:53]} Rd5 {[%emt 0:01:13]} 35. b4 {[%emt 0:00:32]} axb4 {[%emt 0:00:15]} (35... a4 $11) 36. axb4 {[%emt 0:00:01]} Kg7 {[%emt 0:00:23]} 37. Rb1 {[%emt 0:00:03]} Rb5 {[%emt 0:00:05]} 38. Kg1 {[%emt 0:00:04]} Kf6 {[%emt 0:00:07]} 39. Kf2 {[%emt 0:00:03]} Ke5 {[%emt 0:00:37]} 40. Kf3 {[%emt 0:00:30]} h6 {[%emt 0:03:23]} 41. Ke3 {[%emt 0:00:48]} h5 {[%emt 0:02:58]} 42. g3 {[%emt 0:01:12]} Kd5 {[%emt 0:04:40]} 43. Kf4 {[%emt 0:00:47]} Kc4 {[%emt 0:00:24]} (43... Kd6 $16) 44. Kg5 {[%emt 0:00:13]} Kc3 $2 {[%emt 0:00:48]} (44... Kd4 $16 {is a better defense.}) 45. Rc1+ {[%emt 0:02:17]} Kd4 {[%emt 0:01:02] [#]} 46. Rc5 $1 {[%emt 0:00:24]} Rxb4 {[%emt 0:01:00]} 47. Rxf5 {[%emt 0:00:04]} Rb3 {[%emt 0:00:37]} 48. Kh4 {[%emt 0:00:19]} Rb7 {[%emt 0:00:49]} 49. Kxh5 {[%emt 0:00:07]} Ke4 {[%emt 0:00:04]} 50. g4 {[%emt 0:00:17]} f6 {[%emt 0:01:16]} 51. Rxf6 {[%emt 0:00:08]} Ke5 {[%emt 0:00:03]} 52. g5 {[%emt 0:00:29]} Rh7+ {[%emt 0:00:33]} 53. Kg4 {[%emt 0:00:06]} Rg7 {[%emt 0:00:21]} 54. h4 {[%emt 0:00:04]} Ra7 {[%emt 0:00:51]} 55. Rf1 {[%emt 0:00:12]} (55. h5 $18 Ra1 56. h6) 55... Ke6 {[%emt 0:00:35]} 56. g6 {[%emt 0:00:05]} Ra4+ {[%emt 0:00:22]} 57. Kg5 {[%emt 0:00:04]} (57. Rf4 $18 Ra2 58. h5) 57... Ra5+ {[%emt 0:00:23]} 58. Kh6 {[%emt 0:00:05]} Ra4 {[%emt 0:00:17]} 59. h5 {[%emt 0:00:07]} Ra7 {[%emt 0:00:24]} 60. g7 {[%emt 0:00:05]} Ra8 {[%emt 0:00:13]} 61. Rf8 {[%emt 0:00:05]} Ra6 {[%emt 0:01:12]} 62. g8=Q+ {[%emt 0:00:08]} Ke7+ {[%emt 0:00:34]} 63. Kh7 {[%emt 0:00:09]} Ra7 {[%emt 0:02:20]} 1-0

[Event "2nd Asian Nations Team Cup U14 2019"]
[Site "Shenzhen"]
[Date "2019.12.24"]
[Round "7.10"]
[White "Kannappan, Thanneermalai"]
[Black "Temuujin, Kherlen"]
[Result "1/2-1/2"]
[WhiteElo "1495"]
[BlackElo "1711"]
[Annotator "NA RC"]
[PlyCount "64"]
[EventDate "2019.12.19"]
[EventType "team-tourn"]
[EventCountry "CHN"]
[SourceTitle "playchess.com"]
[Source "ChessBase"]
[SourceQuality "1"]
[WhiteTeam "Hong Kong"]
[BlackTeam "Mongolia"]
[WhiteTeamCountry "HKG"]
[BlackTeamCountry "MGL"]
[TimeControl "5400+30"]

1. e4 {[%emt 0:00:00]} e6 {[%emt 0:00:00]} 2. d4 {[%emt 0:00:00]} d5 {[%emt 0:00:00]} 3. Nc3 {[%emt 0:00:00]} dxe4 4. Nxe4 {[%emt 0:00:00]} Nd7 {[%emt 0:00:01]} 5. Bd3 {[%emt 0:00:00]} Ngf6 {[%emt 0:00:29]} 6. Qe2 {[%emt 0:00:03]} c5 {[%emt 0:00:50]} 7. Nxf6+ {[%emt 0:00:04]} Nxf6 {[%emt 0:00:09]} 8. dxc5 {[%emt 0:00:10]} Bxc5 {[%emt 0:00:24]} 9. Bd2 {[%emt 0:00:07]} O-O {[%emt 0:18:19]} 10. O-O-O {[%emt 0:00:06]} Qb6 {[%emt 0:00:59]} 11. Nf3 {[%emt 0:18:29]} Rd8 {[%emt 0:18:43]} 12. Rhf1 {[%emt 0:20:36]} a5 {[%emt 0:10:41]} 13. Bc3 {[%emt 0:04:47]} Bd7 {[%emt 0:18:34]} 14. Ng5 {[%emt 0:02:37]} Be7 {[%emt 0:03:54]} 15. Qe5 {[%emt 0:26:42]} h6 {[%emt 0:01:49]} 16. Bd4 {[%emt 0:07:44]} Qd6 {[%emt 0:09:54]} 17. Qxd6 {[%emt 0:00:27]} Bxd6 {[%emt 0:00:09]} 18. Bxf6 {[%emt 0:01:25]} Bf4+ {[%emt 0:02:42]} 19. Kb1 {[%emt 0:00:25]} gxf6 {[%emt 0:00:14]} 20. Ne4 {[%emt 0:01:02]} Kg7 {[%emt 0:00:32]} 21. g3 {[%emt 0:00:16]} Bc7 {[%emt 0:00:29]} 22. Nc5 {[%emt 0:02:30]} Bc6 {[%emt 0:00:26]} 23. Be4 {[%emt 0:02:31]} Rxd1+ {[%emt 0:04:00]} 24. Rxd1 {[%emt 0:00:05]} Bxe4 {[%emt 0:02:28]} 25. Nxe4 {[%emt 0:00:12]} Rd8 {[%emt 0:00:08]} 26. Rxd8 {[%emt 0:00:39]} Bxd8 {[%emt 0:00:06]} 27. c4 {[%emt 0:00:23]} f5 {[%emt 0:00:12]} 28. Nd6 {[%emt 0:00:39]} b6 {[%emt 0:00:08]} 29. Kc2 {[%emt 0:00:12]} Be7 {[%emt 0:00:36]} 30. Nb5 {[%emt 0:00:05]} Bc5 {[%emt 0:00:18]} 31. f3 {[%emt 0:00:21]} e5 {[%emt 0:01:19]} 32. Kd3 {[%emt 0:00:07]} Kf6 {[%emt 0:00:55] Ke4} 1/2-1/2